000
00286nam a22001217a 4500
020
_a
9789696650515
040
_c
NUST
082
_a
297
_b
MUB
100
_a
Mubeshra Paracha
_9
82397
245
_a
Honesty My Islamic Values
260
_a
Lahore:
_b
Maqbool Books,
_c
2020.
942
_2
ddc
_c
BK
999
_c
586456
_d
586456